| 000 | 02760nam1a2200397 i 4500 | ||
|---|---|---|---|
| 001 | RU\NLR\BIBL_A\012436804 | ||
| 005 | 20241101150228.0 | ||
| 035 | _a(NLR Aleph) 012436804 | ||
| 090 |
_a11904965 _c11904965 |
||
| 100 | _a20210121g20149999k y0rusy50 ca | ||
| 101 | 0 |
_arus _aeng |
|
| 102 | _aRU | ||
| 105 | _a||||z|||1|||| | ||
| 181 | 0 |
_ai _baxxe |
|
| 182 | 0 | _an | |
| 200 | 1 |
_aМеждународная научно-техническая конференция "Проблемы ресурсо- и энергосберегающих технологий в промышленности и АПК", 23-26 сентября 2014, Иваново _e[ПРЭТ-2014] _eсборник трудов _fМинистерство образования и науки РФ [и др.] |
|
| 203 |
_aТекст _bвизуальный _cнепосредственный |
||
| 210 |
_aИваново _cИвановский государственный химико-технологический университет _d2014 |
||
| 215 | _d21 | ||
| 300 | _aОписано по обл. | ||
| 300 | _aЧасть текста англ. | ||
| 606 | 1 |
_aХимические производства _jСъезды, совещания и т.п _xРесурсосберегающие технологии _92397311 _3RU\NLR\AUTH\661429258 |
|
| 606 | 1 |
_aХимические производства _jСъезды, совещания и т.п _xЭнергосберегающие технологии _92569750 _3RU\NLR\AUTH\661519668 |
|
| 606 | 1 |
_aПищевые предприятия _jСъезды, совещания и т.п _xЭкономия электроэнергии _92145200 _3RU\NLR\AUTH\661292498 |
|
| 606 | 1 |
_aПищевые продукты _jСъезды, совещания и т.п _xПроизводство _xРесурсосберегающие технологии _92573722 _3RU\NLR\AUTH\661521843 |
|
| 686 | 1 | _aЛ11-642я431(0) | |
| 686 | 1 | _aЛ81-642я431(0) | |
| 686 | 1 |
_aЛ10-420.7я431(0) _aЛ80-420.7я431(0) |
|
| 710 | 1 | 2 |
_a"Проблемы ресурсо- и энергосберегающих технологий в промышленности и АПК", международная научно-техническая конференция _eИваново _f2014 _9732076 _3RU\NLR\AUTH\880534763 |
| 852 |
_aNLR _j2021-3/772 |
||
| 942 | _cBOOK | ||
| 980 | _aNBR | ||